000 00707nam a2200217Ia 4500
008 191130s2005##################000#0#eng##
020 _a9780521849159
040 _aACL
_cACL
082 _a320.15 WEL
100 _aWellman, Christopher Heath
245 _aA theory of secession : the case for political self-determination
_cChristopher Heath Wellman
260 _aCambridge
_bCambridge Univeristy Press
_cc2005
300 _ax, 199 p. ; 24 cm
500 _aIncludes bibliographical references (p. 187-196) and index
650 _aSecession
650 _aSelf-determination, National
650 _aSovereignty
990 _a668b87f4ac10000c4f6ff2ebc0efdc30
991 _a180385
999 _c359581
_d359581